000 00481nam a2200181Ia 4500
005 20250326142609.0
008 250326s9999 xx 000 0 und d
037 _aTextbook
040 _aFMSL
_beng
_cFMSL
041 _aeng
_2eng
084 _aX:87 L35;N1
_qFMSL
100 _aAdair J
_9737845
245 0 _aAction-centered leader
_cAdair J
260 _aBombay
_bBombay, Jaico
_c1991
300 _a150p
942 _cTB
_hX:87 L35;N1
999 _c1295757
_d1295757